| 000 | 00609nam a2200181Ia 4500 | ||
|---|---|---|---|
| 008 | 090124s9999 xx 000 0 und d | ||
| 082 |
_b5030 _a508 |
||
| 100 | _aप्रियोळकर अनंत काकबा | ||
| 245 | _a दमयंती-स्वयंवर | ||
| 250 | _a1 | ||
| 260 | _c1934 | ||
| 300 | _a104 | ||
| 600 | _aप्रियोळकर अनंत काकबा | ||
| 630 | _a दमयंती-स्वयंवर | ||
| 700 | _aप्रियोळकर अनंत काकबा | ||
| 730 | _a दमयंती-स्वयंवर | ||
| 942 | _cBOOK | ||
| 999 |
_c118971 _d118971 |
||